000
00339nam a2200157Ia 4500
001
17314
003
IN-NITTTR
005
20251114233204.0
008
251113s9999||||xx |||||||||||||| ||eng||
040
_b
eng
040
_c
IN-NITTTR
041
_a
eng
082
_a
333.79 A71 R
245
0
_a
Annual review of energy. /
942
_2
ddc
_c
BK
999
_c
19948
_d
19948